000 01587nam a22004457a 4500
003 OSt
005 20230531101602.0
008 221006b |||||||| |||| 00| 0 eng d
040 _cBiblioteca Lado V
082 _a709.05
_bF593u
100 _9832
_aFlecha, Mario
_eeditor
245 _aUntitled/
_bContemporary Art/
260 _bArts Councill England
_c1997
_aLondres
300 _c30x42cm
_a30p.
366 _eeng
490 _a14
_v1997
_x0969-9716
505 _aBob Smith: Artist's Project for UNTITLED
505 _aThe Man Who wasn;t There Mat Collishaw in conversation with Suzanne Cotter
_rJonathan Jones
505 _aCHRONICLE
505 _aSugar & Spice/The Turner prize
_rAnna Moszynska
505 _aThe Three Sisters
505 _aROUNDUP
_rBerlin & Venice
505 _aPRESSWATCH
505 _aBOB SMITH'S DIARY
505 _aREVIEWS
505 _aDouble dip
505 _aArtist Project
505 _aReviews
650 _2Tesauro de Arte & Arquitectura
_aARTE
_9703
650 _2Tesauro de Arte & Arquitectura
_aPINTURA
650 _2Tesauro de Arte & Arquitectura
_aFOTOGRAFIA
_9702
650 _2Tesauro de Arte & Arquitectura
_aENTREVISTAS
650 _2Tesauro de Arte & Arquitectura
_aMISCELANEA
650 _2Tesauro de Arte & Arquitectura
_aPROYECTOS DE ARTE
650 _2Tesauro de Arte & Arquitectura
_aINGLES
650 _2Tesauro de Arte & Arquitectura
_aARTE CONTEMPORANEO
651 _2Tesauro de Arte & Arquitectura
_aLONDRES
700 _aPlender, Olivia
_eEditora
942 _2ddc
_c1
_h709.05
_iF593u
_n0
999 _c3765
_d3765